000 00398nam a22001457a 4500
999 _c7720
_d7718
005 20210322114807.0
008 210322b ||||| |||| 00| 0 eng d
082 _a346.066
100 _aAIYAR, A.N.
_96466
245 _aCOMPANY CASES THE CORPORATE LAW WEEKLY [VOL-204]
260 _aCHENNAI
_bCOMPANY LAW INSTITUTE OF INDIA
_c2017
300 _a752, i-xxxii;p
650 _aLAW
_95701
942 _cJRL